Welcome to CU Library Online Public Access Catalogue (OPAC)

Language in the Legal Process (Record no. 59)

MARC details
000 -LEADER
fixed length control field 00911nam a22002177a 4500
003 - CONTROL NUMBER IDENTIFIER
control field OSt
005 - DATE AND TIME OF LATEST TRANSACTION
control field 20250610094454.0
007 - PHYSICAL DESCRIPTION FIXED FIELD--GENERAL INFORMATION
fixed length control field xvii, 276p
008 - FIXED-LENGTH DATA ELEMENTS--GENERAL INFORMATION
fixed length control field 241018b |||||||| |||| 00| 0 eng d
020 ## - INTERNATIONAL STANDARD BOOK NUMBER
International Standard Book Number 9781403933881
050 ## - LIBRARY OF CONGRESS CALL NUMBER
Classification number K5001.L36
Item number 026908
100 ## - MAIN ENTRY--PERSONAL NAME
Personal name Janet Cotterill ed.
245 ## - TITLE STATEMENT
Title Language in the Legal Process
Statement of responsibility, etc. Janet Cotterill ed.
250 ## - EDITION STATEMENT
Edition statement (c) Janet Cotterill 2002, 2004
Remainder of edition statement Chapters 1-8, 10-16 (c) Palgrave Macmillan Ltd 2002
260 ## - PUBLICATION, DISTRIBUTION, ETC.
Place of publication, distribution, etc. c.2004
Name of publisher, distributor, etc. Palgrave Macmillan
300 ## - PHYSICAL DESCRIPTION
Extent xvii, 276p
Other physical details Tables, Index
Dimensions 21.5cm
500 ## - GENERAL NOTE
General note Overview of current and ongoing concerns in forensic linguistics and language and the law, also serves as an inspiration for further research in the dynamic and important area of applied linguistics.
650 ## - SUBJECT ADDED ENTRY--TOPICAL TERM
Source of heading or term Legal Language
Topical term or geographic name entry element Linguistics
General subdivision Legal Process
700 ## - ADDED ENTRY--PERSONAL NAME
Personal name Cotterill, Janet ed.
Titles and other words associated with a name Language in the Legal Process
942 ## - ADDED ENTRY ELEMENTS (KOHA)
Source of classification or shelving scheme Library of Congress Classification
Koha item type Books
Edition ed. 2004
Suppress in OPAC No
999 ## -
-- 59
-- 59
Holdings
Withdrawn status Lost status Source of classification or shelving scheme Damaged status Not for loan Home library Current library Shelving location Date acquired Total checkouts Full call number Barcode Date last seen Copy number Price effective from Koha item type Collection
    Library of Congress Classification     Law Library (Christ Temple) Law Library (Christ Temple) General stacks 04/23/2025   K5001.L36 LAN LLCT00000591 04/23/2025 1 04/23/2025 Books Non-fiction
    Library of Congress Classification     Law Library (Miotso) Law Library (Miotso) Reference 10/18/2024   K5001.L36.LAN llm00000150 10/18/2024 1 10/18/2024 Books  
© 2023-2024 Copyright: Central University Libraries. All Rights Reserved | Created by: Mahone Tech Office